Sports Quiz

Random Sports or WWE Quiz

Wrestlemania Title Match Wrestlers 2000s Quiz Stats

 Plays Quiz not verified by Sporcle

Support Sporcle.
Go Orange.
Score 0/76 Timer 10:00
0 Plays Today
Titles Wrestler or Team % Correct
World, WHC, WWEHunter Hearst Helmsley
95.1%
Hardcore, ECW, Tag TeamKane
94%
Tag Team (Heat)Kane
94%
WHCThe Undertaker
93.7%
WHC, Tag TeamEdge
93.4%
WorldThe Rock
93.4%
WWE, WHC, U. S., John Cena
93.1%
Tag Team, CruiserweightMatt Hardy
92%
Tag TeamJeff Hardy
91.7%
World, WHC, U.S., Tag TeamBig Show
91.4%
WWE, WHC, IntercontinentalKurt Angle
90.8%
WorldStone Cold Steve Austin
90.5%
WHC, WWERandy Orton
90.5%
WWE, European, Tag TeamEddie Guerrero
89.9%
WomensTrish Stratus
89.9%
WHC, WWEShawn Michaels
89.9%
World, IntercontinentalChris Jericho
89.7%
ECW, Tag Team, CruiserweightChavo Guerrero
89.4%
European, Hardcore, Tag TeamChristian
88.8%
WHC, Cruiserweight, IntercontinentalRey Mysterio
88.5%
WHC, Intercontinental, Tag Team, USChris Benoit
87.9%
WHCBatista
87.1%
Tag TeamBubba Ray Dudley
86.8%
Tag TeamD-Von Dudley
86.5%
WorldMick Foley
85.1%
WomensMolly Holly
81.9%
HardcoreHardcore Holly
81.3%
HardcoreCrash Holly
81%
Intercontinental, Tag Team (Heat)Rob Van Dam
80.7%
WHC, Tag TeamBooker T
80.2%
WWEBrock Lesnar
79%
WWE, Tag Team, US, IntercontinentalJohn Bradshaw Layfield
77.9%
WomensMickie James
74.1%
IntercontinentalWilliam Regal
72.1%
Tag TeamMiz
71.6%
Tag TeamJohn Morrison
69%
Tag TeamBilly Gunn
68.7%
Tag TeamShelton Benjamin
67.5%
Titles Wrestler or Team % Correct
WomensChyna
66.1%
Tag TeamCharlie Haas
63.8%
EuropeanTest
63.2%
WomensVictoria
62.6%
Tag TeamCarlito
62.1%
HardcoreRaven
61.8%
WomensJazz
61.8%
Tag TeamRikishi
60.9%
WomensIvory
59.8%
WomensMelina
58%
USMontel Vontavious Porter
57.5%
HardcoreGoldust
56.9%
EuropeanDiamond Dallas Page
55.7%
CruiserweightBilly Kidman
54.9%
CruiserweightJamie Noble
54%
HardcoreMaven
52.9%
Tag Team (Heat)Val Venis
52%
CruiserweightTajiri
51.4%
Tag TeamChuck Palumbo
50.3%
Tag TeamChris Masters
50.3%
Tag TeamRhyno
48.3%
Tag Team (Heat)Lance Storm
48%
CruiserweightUltimo Dragon
47.7%
Tag TeamGarrison Cade
46.3%
WomensChristy Hemme
44%
Tag TeamDanny Basham
43.4%
Tag TeamDoug Basham
43.4%
Tag TeamPrimo
40.5%
Tag TeamRob Conway
40.2%
Tag TeamMark Jindrak
39.4%
Tag TeamScotty Too Hotty
39.4%
CruiserweightFunaki
38.8%
WomensAshley
37.9%
Tag TeamRon Simmons
37.1%
CruiserweightShannon Moore
36.2%
Tag TeamSylvain Grenier
35.3%
CruiserweightAkio
31.6%
CruiserweightNunzio
29.3%

You're not logged in!

Compare scores with friends on all Sporcle quizzes.
OR
Log In

From the Vault

Guess the TV Show in 3 Words

by MSUKent

Three words may not sound like much, but it's all you need.
Remove Ads.
Support Sporcle.
Get the best of Sporcle when you Go Orange. This ad-free experience offers more features, more stats, and more fun while also helping to support Sporcle. Thank you for becoming a member.

Show Comments

Extras

Top Quizzes Today


Score Distribution

Your Account Isn't Verified!

In order to create a playlist on Sporcle, you need to verify the email address you used during registration. Go to your Sporcle Settings to finish the process.

Report this User

Report this user for behavior that violates our Community Guidelines.

Details: